[Event "Allerod 50 Jubilee"]
[Site "Allerod"]
[Date "1984.??.??"]
[Round "1"]
[White "Hvenekilde, Jorgen"]
[Black "Poulsen, Allan"]
[Result "1/2-1/2"]
[WhiteElo "2280"]
[BlackElo "2315"]

1. d4 d5 2. c4 e6 3. Nf3 c5 4. cxd5 exd5 5. Nc3 Nf6 6. Bg5 Nc6 7. e3
Be6 8. Be2 Be7 9. dxc5 Bxc5 10. O-O O-O 11. Rc1 Be7 12. Nd4 Rc8 13.
Nxc6 bxc6 14. Qa4 Qb6 15. b3 h6 16. Bh4 c5 1/2-1/2

[Event "Allerod 50 Jubilee"]
[Site "Allerod"]
[Date "1984.??.??"]
[Round "1"]
[White "Jensen, Allan Astrup"]
[Black "Larsen, Steen Skovlund"]
[Result "1/2-1/2"]
[WhiteElo "2200"]
[BlackElo "2160"]

1. Nf3 Nf6 2. g3 g6 3. Bg2 Bg7 4. O-O O-O 5. c4 d6 6. d4 c5 7. dxc5
dxc5 8. Qxd8 Rxd8 9. Be3 Nfd7 10. Nc3 Nc6 11. Rfd1 Rb8 12. Rd2 e5 13.
Bg5 f6 14. Be3 Nd4 15. Bxd4 cxd4 16. Nd5 Nc5 17. Ne1 Be6 18. Nd3 Nxd3
19. exd3 Bxd5 20. Bxd5+ Kh8 21. Re1 1/2-1/2

[Event "Allerod 50 Jubilee"]
[Site "Allerod"]
[Date "1984.??.??"]
[Round "1"]
[White "Moe, Mogens"]
[Black "Danielsen, Henrik"]
[Result "0-1"]
[WhiteElo "2300"]
[BlackElo "2290"]

1. e4 e5 2. Nf3 Nc6 3. d4 exd4 4. Nxd4 Bc5 5. Nb3 Bb6 6. a4 a6 7. Nc3
Nge7 8. Bg5 d6 9. Nd5 Ba7 10. Qh5 Be6 11. f4 Qd7 12. Nxe7 Nxe7 13. Na5
h6 14. Be2 O-O-O 15. Bxe7 Qxe7 16. Nxb7 d5 17. Nxd8 Qb4+ 18. Kf1 Qb6
19. Qh4 Rxd8 20. f5 Bd7 21. a5 Qc6 22. exd5 Qd6 23. Ra3 Re8 24. Rb3 g5
25. Qb4 Qxd5 26. Bxa6+ Kd8 27. Bd3 Bc6 28. Qg4 Qc5 29. Qg3 Re3 30. Qf2
Rf3 31. Rb8+ Kd7 32. Qxf3 Bxf3 0-1

[Event "Allerod 50 Jubilee"]
[Site "Allerod"]
[Date "1984.??.??"]
[Round "1"]
[White "Reinert, Mads"]
[Black "Hoi, Carsten"]
[Result "1/2-1/2"]
[WhiteElo "2330"]
[BlackElo "2405"]

1. e4 e6 2. d4 d5 3. Nc3 dxe4 4. Nxe4 Bd7 5. Nf3 Bc6 6. Bd3 Nd7 7. Qe2
Bxe4 8. Bxe4 c6 9. c3 Ngf6 10. Bc2 Be7 11. Bg5 Qc7 12. O-O-O O-O-O 13.
Kb1 h6 14. Bh4 Nd5 1/2-1/2

[Event "Allerod 50 Jubilee"]
[Site "Allerod"]
[Date "1984.??.??"]
[Round "2"]
[White "Danielsen, Henrik"]
[Black "Larsen, Steen Skovlund"]
[Result "1-0"]
[WhiteElo "2290"]
[BlackElo "2160"]

1. d4 g6 2. e4 Bg7 3. Nf3 d6 4. Nc3 Nf6 5. h3 O-O 6. Be3 c6 7. a4 a5
8. Qd2 Qc7 9. Bc4 Nxe4 10. Nxe4 d5 11. Bf4 Qd8 12. Bd3 dxe4 13. Bxe4
Nd7 14. O-O Nf6 15. Bd3 Be6 16. Rfe1 Qc8 17. c3 c5 18. dxc5 Qxc5 19.
Nd4 Bd5 20. Be5 Rfc8 21. Qe3 Bc4 22. Bc2 Nd5 23. Qg3 Nf6 24. Qh4 Bd5
25. Re3 Ra6 26. Rae1 Bc4 27. Nf5 gxf5 28. Bxf5 Re6 29. Bxe6 fxe6 30.
Rg3 Kf7 31. Bd4 Qf5 32. Re5 Qb1+ 33. Kh2 h6 34. Ree3 Rg8 35. Bxf6 Bxf6
36. Qxc4 Qxb2 37. Qxe6+ 1-0

[Event "Allerod 50 Jubilee"]
[Site "Allerod"]
[Date "1984.??.??"]
[Round "2"]
[White "Hoi, Carsten"]
[Black "Hvenekilde, Jorgen"]
[Result "1/2-1/2"]
[WhiteElo "2405"]
[BlackElo "2280"]

1. d4 Nf6 2. Nf3 g6 3. c4 Bg7 4. Nc3 O-O 5. e4 d6 6. h3 a6 7. Qc2 c6
8. Be2 b5 9. O-O bxc4 10. Bxc4 a5 11. Bg5 Nfd7 12. Rad1 Nb6 13. Bd3 Ba6
14. Rfe1 Bxd3 15. Qxd3 Na6 16. e5 d5 17. Nh2 Qd7 18. Ng4 Rfb8 19. Qg3
a4 20. Qh4 Ra7 21. Bh6 Nc7 22. Rd3 Ne6 23. Bxg7 Kxg7 24. Nh6 Qe8 25. f4
c5 26. dxc5 Nxc5 27. Rdd1 e6 28. Ng4 Ncd7 29. Nb5 Ra5 30. Nd6 Qf8 31.
Rc1 Ra7 32. Qg5 h5 33. Nh6 f6 34. exf6+ Qxf6 35. Nhf7 Nf8 36. Qxf6+
Kxf6 37. Ne5 Rba8 38. Nb5 Rb7 39. Nd4 Rc8 40. Rxc8 Nxc8 41. Nd3 1/2-1/2

[Event "Allerod 50 Jubilee"]
[Site "Allerod"]
[Date "1984.??.??"]
[Round "2"]
[White "Moe, Mogens"]
[Black "Reinert, Mads"]
[Result "0-1"]
[WhiteElo "2300"]
[BlackElo "2330"]

1. e4 c5 2. Nf3 e6 3. d4 cxd4 4. Nxd4 Nf6 5. Nc3 Nc6 6. Nxc6 bxc6 7. e5
Nd5 8. Ne4 Qc7 9. f4 Qb6 10. Qf3 Be7 11. a3 f5 12. Nf2 Bc5 13. c4 Ne7
14. b4 Bd4 15. Ra2 a5 16. b5 Bb7 17. Qg3 cxb5 18. Qxg7 Rg8 19. Qxh7 b4
20. Nd3 b3 21. Rd2 Rc8 22. a4 Bc3 23. c5 Rxc5 24. Ba3 b2 25. Nxb2 Rxe5+
26. Be2 Bxd2+ 27. Kxd2 Rxe2+ 28. Kxe2 Rxg2+ 29. Kd1 Qb3+ 30. Kc1 Qc2#
0-1

[Event "Allerod 50 Jubilee"]
[Site "Allerod"]
[Date "1984.??.??"]
[Round "2"]
[White "Poulsen, Allan"]
[Black "Jensen, Allan Astrup"]
[Result "1/2-1/2"]
[WhiteElo "2315"]
[BlackElo "2200"]

1. e4 c5 2. Nf3 Nc6 3. Bb5 g6 4. c3 Bg7 5. O-O a6 6. Bxc6 dxc6 7. d3
Nf6 8. Qc2 O-O 9. a4 a5 10. Na3 Qc7 11. Be3 Nd7 12. Ne1 f5 13. f4 e5
14. fxe5 Bxe5 15. Nf3 Bf4 16. Bxf4 Qxf4 17. Rae1 Nf6 18. exf5 Bxf5 19.
Nd4 Qg5 20. Nxf5 gxf5 21. Qf2 Nd5 22. Re5 Rae8 23. Rxf5 Rxf5 24. Qxf5
Qxf5 25. Rxf5 Re2 26. Nc4 Ne3 27. Nxe3 Rxe3 28. Rxc5 Rxd3 29. b4 axb4
30. cxb4 Rd4 1/2-1/2

[Event "Allerod 50 Jubilee"]
[Site "Allerod"]
[Date "1984.??.??"]
[Round "3"]
[White "Hvenekilde, Jorgen"]
[Black "Moe, Mogens"]
[Result "0-1"]
[WhiteElo "2280"]
[BlackElo "2300"]

1. d4 Nf6 2. Nf3 g6 3. c4 Bg7 4. g3 O-O 5. Bg2 d5 6. cxd5 Nxd5 7. O-O
Na6 8. e4 Nb6 9. a4 c5 10. a5 Nc4 11. Qc2 Nxa5 12. Bd2 Nc6 13. dxc5
Nab4 14. Bxb4 Nxb4 15. Qe2 Qd3 16. Re1 Be6 17. Ra3 Qxe2 18. Rxe2 Rfc8
19. Nc3 Rxc5 20. Rd2 Nc6 21. h4 a5 22. Nd5 Bxd5 23. exd5 Nb4 24. Ng5
Rd8 25. Re3 h6 26. Nh3 Kf8 27. Nf4 b5 28. Be4 g5 29. hxg5 hxg5 30. Nh3
g4 31. Nf4 Bh6 32. Bf5 Bxf4 33. gxf4 Rdxd5 34. Rxd5 Nxd5 35. Re1 e6 0-1

[Event "Allerod 50 Jubilee"]
[Site "Allerod"]
[Date "1984.??.??"]
[Round "3"]
[White "Jensen, Allan Astrup"]
[Black "Hoi, Carsten"]
[Result "0-1"]
[WhiteElo "2200"]
[BlackElo "2405"]

1. Nf3 Nf6 2. g3 g6 3. Bg2 Bg7 4. c4 O-O 5. Nc3 d6 6. d4 Bg4 7. h3 Bxf3
8. Bxf3 Nc6 9. O-O Nd7 10. e3 e5 11. dxe5 Ncxe5 12. Be2 Nb6 13. Qb3 Qd7
14. Kh2 Rfe8 15. Nd5 h5 16. Bd2 Nbxc4 17. Bc3 Nb6 18. Rad1 Nxd5 19.
Qxd5 Nc6 20. Bxg7 Kxg7 21. Bb5 a6 22. Ba4 b5 23. Bb3 Re5 24. Qd2 Rae8
25. Rc1 f6 26. Rfd1 R5e7 27. Bd5 Ne5 28. Bg2 Qf5 29. Qc2 Qd7 30. b3 Rd8
31. Qd2 Qf5 32. Qc2 Qd7 33. Qd2 Rb8 34. a3 Qf5 35. Qc2 Qxc2 36. Rxc2
Rb6 37. b4 Nc4 38. a4 c5 39. bxc5 dxc5 40. axb5 axb5 41. Bd5 Rd6 42. e4
Rxe4 43. Bxe4 Rxd1 44. Bc6 Rb1 45. Rc3 g5 46. Kg2 Kf7 47. f4 Rb2+ 48.
Kg1 gxf4 49. gxf4 Ke6 50. f5+ Kxf5 51. Bxb5 Rxb5 52. Rxc4 Ke5 53. Kf2
f5 54. Rh4 f4 55. Kf3 Rb3+ 56. Kf2 Ke4 57. Rxh5 c4 58. Rc5 c3 59. h4
0-1

[Event "Allerod 50 Jubilee"]
[Site "Allerod"]
[Date "1984.??.??"]
[Round "3"]
[White "Reinert, Mads"]
[Black "Danielsen, Henrik"]
[Result "0-1"]
[WhiteElo "2330"]
[BlackElo "2290"]

1. e4 c6 2. d4 d5 3. e5 Bf5 4. h4 h6 5. g4 Be4 6. f3 Bh7 7. e6 Qd6 8.
exf7+ Kxf7 9. Bd3 e5 10. Bxh7 Rxh7 11. Qd3 Nf6 12. g5 hxg5 13. Nh3 Nbd7
14. Nxg5+ Kg8 15. Nxh7 Nxh7 16. c3 exd4 17. cxd4 Qg3+ 18. Kf1 Re8 19.
Bd2 Re7 20. Rg1 Qh3+ 21. Rg2 Rf7 22. Kg1 Ne5 23. dxe5 Bc5+ 24. Be3 Rxf3
25. Qxh7+ Kxh7 26. Bxc5 Rg3 27. Rxg3 Qxg3+ 28. Kf1 Qf4+ 29. Bf2 Qc1+
30. Be1 d4 31. e6 Kg6 32. Nd2 Qxa1 33. Ne4 Qb1 34. h5+ Kxh5 35. Nd6
Qd3+ 0-1

[Event "Allerod 50 Jubilee"]
[Site "Allerod"]
[Date "1984.??.??"]
[Round "3"]
[White "Larsen, Steen Skovlund"]
[Black "Poulsen, Allan"]
[Result "1/2-1/2"]
[WhiteElo "2160"]
[BlackElo "2315"]

1. c4 e5 2. Nc3 Nc6 3. g3 g6 4. Bg2 Bg7 5. d3 d6 6. e3 Nge7 7. Nge2 O-O
8. Rb1 Bg4 9. b4 Qd7 10. b5 Nd8 11. h3 Be6 12. a4 f5 13. Qc2 c5 14. Nd5
Bxd5 15. cxd5 Nf7 16. O-O Rac8 17. Qc4 Kh8 18. Bb2 Ng8 19. Rbc1 Nf6
20. Kh1 Rce8 21. Rce1 b6 22. Kh2 Nh6 23. d4 g5 24. dxe5 dxe5 25. Rd1
Qd6 26. Kg1 f4 27. exf4 gxf4 28. gxf4 Nd7 29. fxe5 Nxe5 30. Bxe5 Qxe5
31. Ng3 1/2-1/2

[Event "Allerod 50 Jubilee"]
[Site "Allerod"]
[Date "1984.??.??"]
[Round "4"]
[White "Danielsen, Henrik"]
[Black "Poulsen, Allan"]
[Result "1-0"]
[WhiteElo "2290"]
[BlackElo "2315"]

1. Nf3 c5 2. c4 Nf6 3. Nc3 Nc6 4. e3 g6 5. d4 Bg7 6. d5 Nb4 7. e4 d6
8. Be2 O-O 9. O-O e6 10. Bg5 h6 11. Bh4 exd5 12. cxd5 Bg4 13. a3 Na6
14. Nd2 Bxe2 15. Qxe2 Nc7 16. f4 Qd7 17. Nc4 b5 18. Nxd6 Qxd6 19. e5
Qb6 20. Bxf6 Bxf6 21. d6 c4+ 22. Kh1 Bg7 23. dxc7 Qxc7 24. Nxb5 Qc5
25. Nd6 g5 26. Nxc4 gxf4 27. Rxf4 Rae8 28. Raf1 Bxe5 29. Re4 f6 30.
Qg4+ Kh8 31. Qg6 Qc7 32. Rh4 Qg7 33. Rxh6+ Kg8 34. Qh5 1-0

[Event "Allerod 50 Jubilee"]
[Site "Allerod"]
[Date "1984.??.??"]
[Round "4"]
[White "Hoi, Carsten"]
[Black "Larsen, Steen Skovlund"]
[Result "1/2-1/2"]
[WhiteElo "2405"]
[BlackElo "2160"]

1. d4 Nf6 2. c4 c5 3. d5 b5 4. cxb5 a6 5. e3 axb5 6. Bxb5 Qa5+ 7. Nc3
Bb7 8. Bd2 Qb6 9. Qb3 e6 10. e4 Nxe4 11. Nxe4 Bxd5 12. Qd3 f5 13. Ng3
Bxg2 14. N1e2 Bxh1 15. Nxh1 Be7 16. Nhg3 O-O 17. a4 d5 18. Nf4 Na6 19.
Kf1 Nc7 20. Re1 Qd6 21. Qe2 Bg5 22. Qe5 Rad8 23. Ngh5 Qxe5 24. Rxe5 g6
25. Ng3 Kf7 26. Re2 Nxb5 27. axb5 Bxf4 28. Bxf4 Rb8 29. Bxb8 Rxb8 30.
Rc2 Rxb5 31. Ne2 Kf6 32. Ke1 1/2-1/2

[Event "Allerod 50 Jubilee"]
[Site "Allerod"]
[Date "1984.??.??"]
[Round "4"]
[White "Moe, Mogens"]
[Black "Jensen, Allan Astrup"]
[Result "1-0"]
[WhiteElo "2300"]
[BlackElo "2200"]

1. e4 c5 2. Nf3 d6 3. d4 cxd4 4. Nxd4 Nf6 5. Nc3 Nc6 6. Bc4 Bd7 7. Be3
Ng4 8. Qe2 Nxe3 9. Qxe3 e6 10. O-O-O Be7 11. Ndb5 Ne5 12. Bb3 Bxb5 13.
Nxb5 a6 14. Nc3 O-O 15. f4 b5 16. h4 Nc4 17. Qh3 Qc7 18. g4 Rac8 19. g5
b4 20. Ne2 Na5 21. Rd2 Nxb3+ 22. axb3 Qc6 23. Qd3 Rfd8 24. Nd4 Qb6 25.
h5 d5 26. g6 fxg6 27. hxg6 h6 28. Rhd1 Bc5 29. Kb1 e5 30. Nf5 Qxg6 31.
exd5 Qf6 32. Rg2 Bf8 33. fxe5 Qxe5 34. Nxh6+ 1-0

[Event "Allerod 50 Jubilee"]
[Site "Allerod"]
[Date "1984.??.??"]
[Round "4"]
[White "Reinert, Mads"]
[Black "Hvenekilde, Jorgen"]
[Result "1/2-1/2"]
[WhiteElo "2330"]
[BlackElo "2280"]

1. e4 e5 2. Nf3 Nc6 3. Bc4 g6 4. d4 exd4 5. c3 dxc3 6. Nxc3 d6 7. Bg5
f6 8. Be3 Nh6 9. h3 Bg7 10. Nd4 Nxd4 11. Bxd4 c6 12. O-O Qe7 13. f4 Be6
14. Nd5 Qf7 15. Nc7+ Qxc7 16. Bxe6 Nf7 17. e5 dxe5 18. fxe5 f5 19.
Bxf7+ Qxf7 20. e6 Qc7 21. Bxg7 Qxg7 22. e7 Qf6 23. Re1 Kf7 24. Qb3+ Kg7
25. Qxb7 Rhe8 26. Rac1 Rac8 27. Qxa7 Qxb2 28. Rb1 Qc3 29. Kh1 c5 30.
Rbc1 1/2-1/2

[Event "Allerod 50 Jubilee"]
[Site "Allerod"]
[Date "1984.??.??"]
[Round "5"]
[White "Hvenekilde, Jorgen"]
[Black "Danielsen, Henrik"]
[Result "0-1"]
[WhiteElo "2280"]
[BlackElo "2290"]

1. e4 e5 2. Nf3 Nc6 3. Bc4 Bc5 4. c3 Nf6 5. d4 exd4 6. b4 Be7 7. e5 Ng4
8. cxd4 d5 9. exd6 Qxd6 10. b5 Be6 11. Ba3 Nb4 12. Be2 Qf4 13. O-O Bd6
14. Re1 O-O 15. Nc3 Nd5 16. Bxd6 cxd6 17. Nxd5 Bxd5 18. Qc1 Qf5 19. Qg5
Qxg5 20. Nxg5 Nf6 21. Bf3 Rfe8 22. Bxd5 Nxd5 23. Kf1 f5 24. Rxe8+ Rxe8
25. Rc1 h6 26. Nf3 Kf7 27. Nd2 Ke6 28. g3 Kd7 29. h4 Rc8 30. Rxc8 Kxc8
31. Nc4 Kd7 32. Ne3 Nxe3+ 33. fxe3 Kc7 34. Ke2 Kb6 35. h5 Kxb5 36. Kf3
Kc4 37. Kf4 b5 38. Kxf5 b4 39. Kg6 a5 40. Kxg7 a4 41. g4 b3 42. axb3+
axb3 43. g5 hxg5 44. h6 b2 45. h7 b1=Q 46. h8=Q Qe4 47. Qh3 Kd3 48.
Qf1+ Kxe3 49. Qg1+ Kf3 50. Qh1+ Ke3 51. Qg1+ Ke2 52. Qxg5 Qxd4+ 53. Kf7
d5 54. Qh5+ Kd2 55. Qg5+ Kc2 56. Qg2+ Kb3 57. Qf3+ Kb4 58. Qf1 Qe4 59.
Qc1 d4 60. Qb2+ Kc4 61. Qa2+ Kc3 62. Qa1+ Kd2 63. Qb2+ Ke3 64. Qc1+ Kf2
65. Qd2+ Kg3 66. Kg7 d3 67. Kh8 Qe5+ 68. Kh7 Qh5+ 69. Kg8 Qe2 70. Qc3
Qe3 71. Kh8 Kh2 72. Qc7+ Qg3 73. Qc3 Qh4+ 74. Kg8 Qg5+ 75. Kh8 d2 76.
Qc2 Kg2 77. Qb3 Kg1 78. Qb1+ Kh2 79. Qd1 Kg3 80. Kh7 Kg2 81. Kh8 Kf2
0-1

[Event "Allerod 50 Jubilee"]
[Site "Allerod"]
[Date "1984.??.??"]
[Round "5"]
[White "Jensen, Allan Astrup"]
[Black "Reinert, Mads"]
[Result "1/2-1/2"]
[WhiteElo "2200"]
[BlackElo "2330"]

1. e4 c5 2. Nc3 Nc6 3. g3 Rb8 4. f4 Qa5 5. Nf3 b5 6. Bg2 e6 7. O-O b4
8. Ne2 Nf6 9. d3 c4 10. e5 cxd3 11. cxd3 Nd5 12. d4 Ba6 13. Re1 Be7
14. Kh1 O-O 15. Bd2 Qb6 16. Nc1 Nxd4 17. Nxd4 Qxd4 18. Nb3 Qb6 19. f5
f6 20. Qg4 fxe5 21. fxe6 Qxe6 22. Qxe6+ dxe6 23. Rxe5 Bb7 24. Rxe6 Rf2
25. Ree1 Bf6 26. Rab1 Rxg2 27. Kxg2 Nc3+ 28. Kf2 Nxb1 29. Rxb1 Rf8 30.
Kg1 a5 31. Be3 a4 32. Nc5 Bc6 33. b3 Re8 34. Kf2 axb3 35. axb3 Ra8 36.
Na4 Bxa4 37. bxa4 Rxa4 38. Bd2 Ra2 39. Ke1 Bc3 40. Bxc3 bxc3 41. Rc1
Rxh2 42. Rxc3 g6 43. Kf1 Kg7 44. Kg1 Rd2 45. Rc7+ Kh6 46. Ra7 g5 47.
Kf1 Kh5 48. Ra4 Rd5 49. Kg2 g4 50. Kf2 Rf5+ 51. Kg2 Kg5 52. Ra7 h5 53.
Rg7+ Kf6 54. Ra7 Rc5 55. Rh7 Rc2+ 56. Kg1 Rc5 57. Kg2 Re5 58. Rh8 Ke6
59. Ra8 Kd5 60. Ra4 Re2+ 61. Kg1 Rc2 62. Rf4 1/2-1/2

[Event "Allerod 50 Jubilee"]
[Site "Allerod"]
[Date "1984.??.??"]
[Round "5"]
[White "Poulsen, Allan"]
[Black "Hoi, Carsten"]
[Result "1-0"]
[WhiteElo "2315"]
[BlackElo "2405"]

1. e4 Nc6 2. d4 e5 3. dxe5 Nxe5 4. Bf4 Ng6 5. Bg3 Nf6 6. Nc3 Bb4 7. Qd4
Bxc3+ 8. Qxc3 d6 9. O-O-O O-O 10. f3 Qe7 11. h4 h5 12. Nh3 Bxh3 13.
Rxh3 a5 14. Bf2 Rfb8 15. Bd4 Ne8 16. g4 hxg4 17. fxg4 Ne5 18. g5 b5
19. Bxe5 dxe5 20. Rd5 Qb4 21. Rxe5 Nd6 22. a3 Qa4 23. g6 Rf8 24. Rf3
Nxe4 25. Qc6 f5 26. Qd5+ Kh8 27. Rfxf5 Ng5 28. hxg5 Qh4 29. Bd3 b4 30.
Qf3 Rfd8 31. Rf4 Qh2 32. Re1 1-0

[Event "Allerod 50 Jubilee"]
[Site "Allerod"]
[Date "1984.??.??"]
[Round "5"]
[White "Larsen, Steen Skovlund"]
[Black "Moe, Mogens"]
[Result "1/2-1/2"]
[WhiteElo "2160"]
[BlackElo "2300"]

1. c4 Nf6 2. Nc3 d5 3. cxd5 Nxd5 4. Nf3 g6 5. e4 Nxc3 6. dxc3 Qxd1+ 7.
Kxd1 Nd7 8. Bf4 Nc5 9. Nd2 c6 10. f3 Bg7 11. Kc2 O-O 12. Bg5 Re8 13. a4
Bd7 14. Be3 Ne6 15. a5 c5 16. Be2 Rec8 17. Bc4 b5 18. axb6 axb6 19.
Rxa8 Rxa8 20. Bd5 Ra6 21. Rd1 Kf8 22. Nc4 Ke8 23. Na3 Be5 24. g3 Bd6
25. Bc4 Ra5 26. Bxe6 Bxe6 27. c4 Ra4 28. Bc1 Bxc4 29. b3 Rxa3 30. Bxa3
Be2 31. Re1 Bxf3 32. e5 Bc7 33. b4 c4 34. b5 Kd7 35. Kc3 Bd5 36. Kd4 e6
37. Bf8 Bd8 38. Rf1 Ke8 39. Bd6 g5 40. Rf2 h5 41. Bb4 g4 42. Ba3 h4
43. Bd6 h3 44. Bb4 Bg5 45. Ba3 Bf3 46. Bd6 Kd7 47. Bb4 f5 48. exf6
Bxf6+ 49. Kxc4 e5 50. Bd2 Bd8 51. Be3 Bc7 52. Rd2+ Ke6 53. Bg1 Bg2 54.
Rd1 Bf3 55. Rd2 Bg2 56. Rd1 Bf3 57. Rd2 1/2-1/2

[Event "Allerod 50 Jubilee"]
[Site "Allerod"]
[Date "1984.??.??"]
[Round "6"]
[White "Danielsen, Henrik"]
[Black "Hoi, Carsten"]
[Result "1/2-1/2"]
[WhiteElo "2290"]
[BlackElo "2405"]

1. c4 e6 2. Nf3 Nf6 3. d4 d5 4. Nc3 Be7 5. e3 O-O 6. Bd3 c5 7. cxd5
exd5 8. O-O Nc6 9. dxc5 Bxc5 10. b3 Bg4 11. Bb2 a6 12. Rc1 Qd6 13. Be2
Rad8 14. Nd4 Bxd4 15. Bxg4 Ba7 16. Bf3 Ne5 17. Rc2 Rd7 18. Rd2 Nxf3+
19. Qxf3 Qe6 20. Rfd1 Rfd8 21. Ne2 Ne4 22. Rd3 Bb8 1/2-1/2

[Event "Allerod 50 Jubilee"]
[Site "Allerod"]
[Date "1984.??.??"]
[Round "6"]
[White "Hvenekilde, Jorgen"]
[Black "Jensen, Allan Astrup"]
[Result "1-0"]
[WhiteElo "2280"]
[BlackElo "2200"]

1. Nf3 Nf6 2. g3 g6 3. Bg2 Bg7 4. O-O O-O 5. d4 d6 6. c4 c6 7. Nc3 Nbd7
8. Qc2 e5 9. Rd1 Re8 10. b3 Qa5 11. d5 c5 12. e4 a6 13. a3 Nf8 14. Bd2
Qc7 15. Rab1 Bd7 16. Ne1 b5 17. Nd3 Rab8 18. Ne2 Rb7 19. h3 h5 20. Kh2
N8h7 21. Rf1 Bc8 22. Rbe1 Qd8 23. Ng1 Rbe7 24. b4 bxc4 25. Qxc4 Nd7
26. bxc5 Nxc5 27. Nxc5 dxc5 28. Rb1 Qd6 29. Ba5 Rb7 30. Rxb7 Bxb7 31.
Rb1 Qe7 32. Nf3 Bc8 33. Ne1 Bf8 34. Nd3 h4 35. a4 Nf6 36. Bb6 Nd7 37.
Bc7 Qf6 38. a5 Kg7 39. gxh4 Qxh4 40. Qc3 Qf6 41. f4 exf4 42. e5 Qh4
43. e6+ Nf6 44. Rf1 f3 45. Rxf3 Qd4 46. Qxd4 cxd4 47. Be5 Be7 48. d6
Bxd6 49. Bxd6 Rxe6 50. Be5 Bd7 51. Rxf6 Rxf6 52. h4 1-0

[Event "Allerod 50 Jubilee"]
[Site "Allerod"]
[Date "1984.??.??"]
[Round "6"]
[White "Moe, Mogens"]
[Black "Poulsen, Allan"]
[Result "1-0"]
[WhiteElo "2300"]
[BlackElo "2315"]

1. e4 c5 2. Nf3 d6 3. d4 cxd4 4. Nxd4 Nf6 5. Nc3 a6 6. f4 e5 7. Nf3
Nbd7 8. a4 Be7 9. Bc4 O-O 10. Qe2 exf4 11. Bxf4 Qa5 12. O-O Ne5 13. Bb3
Ng6 14. Be3 Qh5 15. Rad1 Ng4 16. Nd5 Nxh2 17. Nxe7+ Nxe7 18. Rf2 Ng4
19. Rff1 Bd7 20. Bf4 Rac8 21. Bxd6 Rfe8 22. Nh2 Rf8 23. Rd3 Rce8 24.
Nxg4 Bxg4 25. Qd2 Kh8 26. Qb4 Qg5 27. Bxf7 Be2 28. Rg3 Qh4 29. Rf2 Rd8
30. Rh3 Qg5 31. Bxe7 Qc1+ 32. Kh2 Rd1 33. Qc3 Rh1+ 34. Kg3 Rxh3+ 35.
Kxh3 Qh6+ 36. Kg3 Rxf7 1-0

[Event "Allerod 50 Jubilee"]
[Site "Allerod"]
[Date "1984.??.??"]
[Round "6"]
[White "Reinert, Mads"]
[Black "Larsen, Steen Skovlund"]
[Result "1/2-1/2"]
[WhiteElo "2330"]
[BlackElo "2160"]

1. e4 c5 2. Nf3 d6 3. d4 Nf6 4. Nc3 cxd4 5. Nxd4 Nc6 6. Bg5 e6 7. Qd2
Be7 8. O-O-O O-O 9. Nb3 a5 10. a4 Nb4 11. Bxf6 Bxf6 12. Qxd6 Bg5+ 13.
Kb1 Qf6 14. Nxa5 Nxc2 15. Nc4 Qxf2 16. Bd3 Ne3 17. Nxe3 Qxe3 18. Rhe1
Qf4 19. e5 Rd8 20. Qc5 Bd7 21. g3 Qg4 22. Re4 1/2-1/2

[Event "Allerod 50 Jubilee"]
[Site "Allerod"]
[Date "1984.??.??"]
[Round "7"]
[White "Hoi, Carsten"]
[Black "Moe, Mogens"]
[Result "1-0"]
[WhiteElo "2405"]
[BlackElo "2300"]

1. d4 Nf6 2. Nf3 g6 3. Nc3 d5 4. Bg5 Ne4 5. Bh4 Nxc3 6. bxc3 Nd7 7. e3
Nb6 8. Be2 Bg7 9. O-O O-O 10. Rb1 c5 11. Qc1 c4 12. Qa3 Re8 13. Nd2 Bf5
14. Rfe1 Qd7 15. Bf3 Bf8 16. Qb2 Na4 17. Qa1 b5 18. h3 h5 19. Bg3 e6
20. Be5 h4 21. Bf6 a5 22. Bxh4 b4 23. g4 bxc3 24. Nxc4 dxc4 25. Rb7 Qc8
26. gxf5 Ba3 27. fxg6 fxg6 28. Rf1 Rf8 29. Bg2 Rb8 30. Rxb8 Qxb8 31.
Qd1 Qe8 32. Qg4 Nb6 33. Kh1 Kg7 34. Rg1 Bd6 35. Be4 Rh8 36. Bxg6 1-0

[Event "Allerod 50 Jubilee"]
[Site "Allerod"]
[Date "1984.??.??"]
[Round "7"]
[White "Jensen, Allan Astrup"]
[Black "Danielsen, Henrik"]
[Result "0-1"]
[WhiteElo "2200"]
[BlackElo "2290"]

1. e4 c5 2. Nc3 Nc6 3. f4 e6 4. Nf3 d5 5. Bb5 Nf6 6. e5 Nd7 7. Bxc6
bxc6 8. d3 f5 9. exf6 Qxf6 10. O-O Bd6 11. Qe2 O-O 12. Bd2 Ba6 13. Rae1
Rae8 14. Ne5 Bxe5 15. fxe5 Qh4 16. Qe3 Rxf1+ 17. Rxf1 Qh5 18. Na4 d4
19. Qe4 Bb5 20. b3 Bxa4 21. bxa4 Nxe5 22. Bf4 Nd7 23. Qxc6 Qd5 24. Qc7
e5 25. Bg3 Nf6 26. Rf5 Qd7 27. Qxd7 Nxd7 28. a5 Rf8 29. Rg5 h6 30. Rg6
Rf6 31. Rg4 Kf7 32. Re4 Ke6 33. Re1 Rf8 34. Rb1 Rb8 35. Rb3 Kd5 36. Kf2
Ke6 37. Kf3 g6 38. Ke2 Kd5 39. Kd2 g5 40. Ke2 h5 41. Be1 c4 42. dxc4+
Kxc4 43. Bd2 g4 44. c3 a6 45. cxd4 exd4 46. h3 Re8+ 47. Kd1 Nc5 48. Rb6
gxh3 49. gxh3 Rg8 50. Rc6 Rg2 51. h4 Kd5 52. Rh6 Ne4 53. Rxh5+ Kc4 54.
Be1 Rxa2 55. Rf5 d3 0-1

[Event "Allerod 50 Jubilee"]
[Site "Allerod"]
[Date "1984.??.??"]
[Round "7"]
[White "Poulsen, Allan"]
[Black "Reinert, Mads"]
[Result "1/2-1/2"]
[WhiteElo "2315"]
[BlackElo "2330"]

1. e4 c5 2. Nf3 e6 3. d4 cxd4 4. Nxd4 Nf6 5. Nc3 Nc6 6. Ndb5 d6 7. Bf4
e5 8. Bg5 a6 9. Na3 b5 10. Nd5 Be7 11. Bxf6 Bxf6 12. c3 O-O 13. Nc2 Rb8
14. Be2 Bg5 15. O-O Be6 16. Qd3 Qd7 17. Qg3 Bd8 18. Nce3 Kh8 19. Bg4 g6
20. f4 f5 21. exf5 gxf5 22. Bh3 e4 23. Rfd1 Qf7 24. Qe1 Ne7 25. Qd2
Nxd5 26. Nxd5 Rc8 27. a4 bxa4 28. Rxa4 a5 29. Rd4 Rb8 30. b4 axb4 31.
cxb4 Qa7 32. Kh1 Qa3 1/2-1/2

[Event "Allerod 50 Jubilee"]
[Site "Allerod"]
[Date "1984.??.??"]
[Round "7"]
[White "Larsen, Steen Skovlund"]
[Black "Hvenekilde, Jorgen"]
[Result "1/2-1/2"]
[WhiteElo "2160"]
[BlackElo "2280"]

1. d4 Nf6 2. c4 g6 3. Nc3 Bg7 4. e4 d6 5. f3 O-O 6. Be3 c6 7. Qd2 a6
8. a4 a5 9. Bd3 Na6 10. Nge2 e5 11. d5 Nc5 12. Bc2 cxd5 13. cxd5 Bd7
14. Nc1 Ne8 15. Nd3 b6 16. O-O f5 17. exf5 gxf5 18. f4 e4 19. Nf2 Nf6
20. Ra3 Kh8 21. g4 Nxg4 22. Nxg4 fxg4 23. Nxe4 Nxe4 24. Bxe4 Bf5 25.
Bg2 Rc8 26. Rc3 Bxc3 27. bxc3 Re8 28. Bd4+ Kg8 29. c4 Qe7 30. c5 bxc5
31. Bf2 Rb8 32. Qxa5 Qf6 33. Qa6 Rb2 34. Qc6 Ree2 35. a5 Qd4 36. a6
Rxf2 37. Qe8+ Kg7 38. Qe7+ Kg8 39. Qe8+ Kg7 1/2-1/2